000
00260nam a22001097a 4500
008
180803b xxu||||| |||| 00| 0 eng d
082
_a
813.52
245
_a
Alias the complete first season
_c
NTSC
300
_a
6
_f
CD
440
_x
786936788228
942
_2
ddc
_c
MX
999
_c
46791
_d
46791